000
00318nam a2200133Ia 4500
005
20251222155053.0
008
251222s9999||||xx |||||||||||||| ||spa||
082
_a
EMI.22
100
_a
CRESPO, Carmen
245
0
_a
Cuidados de EnfermerĂa en NeonatologĂa
250
_a
1ra. ed.
264
_b
Sintesis
942
_c
LIB
999
_c
37343
_d
37343